| 000 | 005350000a22001930004500 | ||
|---|---|---|---|
| 003 | LK-CoMWRAF | ||
| 005 | 20231109151939.0 | ||
| 008 | 230817t2006 ||||| |||| 00| 0 eng d | ||
| 020 | _a8179923193 | ||
| 040 |
_aLK-CoMWRAF _dLK-CoMWRAF _eLK-CoMWRAF |
||
| 041 | _aeng | ||
| 082 |
_a808.51 _bOBE |
||
| 100 | _aOberg, Brent C. | ||
| 245 | _aAn Introduction to Public Speaking | ||
| 260 |
_aMumbai: _bJaico Publishing House, _c2006 |
||
| 300 |
_a viii, 159 p. ; 22 cm. _bBibliography included |
||
| 650 | _aPUBLIC SPEAKING | ||
| 942 | _cBK | ||
| 999 |
_c2368 _d2368 |
||